Wszystkie miasta w województwie pomorskim - Statystyki

Ogólne statystyki
  • Ten quiz został rozwiązany 164 razy
  • Średni wynik to 26 z 42
Statystyki odpowiedzi
Liczba ludności Miasto % Poprawnych
464 829 Gdańsk
100%
246 204 Gdynia
99%
35.827 Sopot
96%
49 652 Wejherowo
86%
49.160 Rumia
85%
91 225 Słupsk
85%
3.267 Hel
81%
38.465 Malbork
79%
26.011 Reda
79%
60 153 Tczew
79%
47.775 Starogard Gdański
77%
9.930 Władysławowo
77%
35.333 Lębork
75%
39.890 Chojnice
73%
30 690 Pruszcz Gdański
73%
23.776 Kościerzyna
72%
16.918 Bytów
69%
1.303 Krynica Morska
69%
38.444 Kwidzyn
69%
3.644 Łeba
69%
2.704 Jastarnia
68%
11.213 Puck
68%
14.536 Kartuzy
67%
9.905 Nowy Dwór Gdański
66%
15.460 Ustka
66%
13.649 Człuchów
60%
9.940 Sztum
56%
9.910 Czersk
47%
6.707 Gniew
47%
7.784 Pelplin
47%
6.691 Żukowo
46%
10.439 Miastko
44%
3.625 Skórcz
36%
5.188 Brusy
34%
2.786 Czarna Woda
33%
4.248 Nowy Staw
31%
8.695 Prabuty
31%
6.994 Skarszewy
29%
5.932 Czarne
27%
5.364 Dzierzgoń
24%
3.580 Kępice
24%
5.096 Debrzno
21%
Nie znaleziono quizów pasujących do podanych kryteriów
Rozkład punktacji
Procent ludzi z każdym wynikiem
Percentyl według liczby udzielonych odpowiedzi
Twoja historia wyników
Nie rozwiązałeś tego quizu